00643nam a2200193 i 450000100060000000300090000600500170001500700030003200800410003508000340007610000380011024500950014826000500024330000260029365000390031965000390035871000280039785200240042591713ES-MaACL20250809063510.0t|050208s1988 sp |||| | spa d a027.1(=927)(460.313 Gandía)1 aVilar, Juan Bautista, d1941-201810aHallazgo de una biblioteca morisca en Potríes (Gandía) en 1789 /cJuan Bautista Vilar. aAlicante : bUniversidad de Alicante, c1988. aP. 147-152 ; c25 cm. 4aBibliotecas-zValencia (Provincia) 4aBibliotecas privadas-zAl-Andalus.2 aUniversidad de Alicante aES-MaACLj2186-F-19